| 000 | 00310 a2200133 4500 | ||
|---|---|---|---|
| 999 |
_c321505 _d321505 |
||
| 001 | 86432 | ||
| 003 | NUST | ||
| 005 | 20180122135154.0 | ||
| 008 | 180122b xxu||||| |||| 00| 0 eng d | ||
| 020 | _a9780857384911 | ||
| 082 | _a813.6 DAV | ||
| 100 |
_aDavid Ignatius _99490 |
||
| 245 |
_aBlood Money _cDavid Ignatius _hEnglish |
||
| 260 |
_aLondon _bQuercus _c2011 |
||
| 300 | _a482p. | ||
| 942 |
_aAHQ _cBK _k813.6 DAV _2ddc |
||